| 000 | 00821nam a2200265Ia 4500 | ||
|---|---|---|---|
| 001 | Para_4132 | ||
| 003 | CHAP | ||
| 008 | 220125s1936 xx 000 0 und d | ||
| 010 | _a202692 | ||
| 040 | _cCHAP | ||
| 090 | _aPA FOLLETO 1766 | ||
| 245 |
_aPractical sanitation for apple orchards / _c by M. D. Farrar [et.al.] |
||
| 260 |
_aUrbana, Illinois : _b Agricultural Experiment Station |
||
| 300 | _a23 p. | ||
| 440 |
_aIllinois Agri. Exp. Sta. Circular; 443 _9168013 |
||
| 650 |
_aManzana _x Plagas Manzana _x Enfermedades Manzana _x Fumigación Control de plagas _9168014 |
||
| 700 |
_aFarrar, M. D. _939803 |
||
| 901 | _aPA FOLLETO 1766 | ||
| 902 | _aA | ||
| 905 | _a0000001936 URB 0000000000 00 | ||
| 910 | _a1936 | ||
| 942 | _cPARA | ||
| 942 |
_cPARA _d1 |
||
| 999 |
_c202692 _d202692 |
||